000 00539nam a2200169 4500
001 107545
003 ES-MaACL
005 20230906184437.0
007 t|
008 061121s1956 ag r ||||1| spa d
100 1 _aMoreau, Charles.
_983203
245 1 0 _aFórmulas y secretos de taller para el trabajo de la madera del mueble /
_cCharles Moreau; prefacio de Guillaume Janneau.
260 _aBuenos Aires :
_bG.Gili,
_c1956.
300 _a309 p. ;
_c23.
700 1 _aJanneau, Guillaume.
_966036
852 _aES-MaACL
_jC-12931
_bR.41210
999 _c107545
_d107545